000 00367nam a22001577a 4500
003 CEME
005 20210628203350.0
008 210115b xxu||||| |||| 00| 0 eng d
040 _cceme
082 _a891.4391 BAN
100 _aAlama Muhammad Iqbal
_965002
245 _aBal-e- jibreel
260 _bNAWAB SONS
_c2008
650 _aFAIZA
_961097
942 _cBK
_2ddc
999 _c573337
_d573337